| 000 | 00378 a2200109 4500 | ||
|---|---|---|---|
| 001 | ART_40088 | ||
| 005 | 20260410161740.0 | ||
| 008 | 260409a | ||
| 245 | 1 | 0 | _aLa relación de dependencia en el caso de los médicos anestesiólogos, a propósito del fallo "Carione" |
| 100 | 1 | _aVidal, Verónica | |
| 773 | 0 |
_tDoctrina laboral _g- Nº 372 (ago. 2016) _wREV4049 |
|
| 999 |
_c18676 _d18676 |
||